000 00462cam a2200145 4500500
005 20260111102036.0
041 _afre
042 _adc
100 1 0 _aLaubertie, Régine
_eauthor
245 0 0 _aDe la haine à la vie, Maurice, P., Paris, Gallimard, 2002.
260 _c2005.
500 _a4
786 0 _nEmpan | 59 | 3 | 2005-09-01 | p. 204c-209c | 1152-3336
856 4 1 _uhttps://shs.cairn.info/revue-empan-2005-3-page-204c?lang=fr&redirect-ssocas=7080
999 _c1629795
_d1629795